Is there a need for a futures market for natural rubber in Thailand (Record no. 61704)

MARC details
000 -LEADER
fixed length control field 00487nam a22001217a 4500
100 ## - MAIN ENTRY--AUTHOR NAME
Personal name Patrayotin Nitus
245 #0 - TITLE STATEMENT
Title Is there a need for a futures market for natural rubber in Thailand
260 ## - PUBLICATION, DISTRIBUTION, ETC. (IMPRINT)
Name of publisher Proceedings of the International Rubber Marketing Conference 1996 held in Phuket, 11-13 April.roceedings of the International Rubber Marketing Conference 1996 held in Phuket, 11-13 April.p261-267
650 ## - SUBJECT ADDED ENTRY--TOPICAL TERM
Topical Term Rubber market
650 ## - SUBJECT ADDED ENTRY--TOPICAL TERM
Topical Term Thailand
942 ## - ADDED ENTRY ELEMENTS (KOHA)
Koha item type Journals
Holdings
Withdrawn status Lost status Damaged status Not for loan Home library Current library Shelving location Date acquired Koha item type
      Journals RRII Library RRII Library Agricultural economics 17/12/2021 Journals